00422cam a22001091 4500008004100000050002500041100002200066245002100088260003600109300002900145500013800174720504s1960 nyuaf 000 0beng 00aNA1088.M57 bV6 19601 aEckardt, Wolf von00aEric Mendelsohn/ aNew York:bG. Braziller,c1960. a128 p. :bill. ;c26 cm. a"Selected bibliography of books and articles written by Eric Mendelsohn": p. 119. "Selected bibliography on Eric Mendelsohn": p. 121.